C aptitude / (Record no. 39920)

MARC details
000 -LEADER
fixed length control field 00675nam a22001937a 4500
005 - DATE AND TIME OF LATEST TRANSACTION
control field 20100806163143.0
010 ## - LCCN (DPL NO)
LC control number ENG-98620
020 ## - INTERNATIONAL STANDARD BOOK NUMBER
International Standard Book Number 9788180160691
Terms of availability 50.00
035 ## - SYSTEM CONTROL NUMBER
System control number EN-82153
037 ## - SOURCE OF ACQUISITION
Source of stock number/acquisition DBAD/PUB
082 ## - DEWEY DECIMAL CLASSIFICATION NUMBER
Classification number 005.13
100 ## - MAIN ENTRY--PERSONAL NAME
Personal name Thirumaran, J.
245 ## - TITLE STATEMENT
Title C aptitude /
Statement of responsibility, etc by J. Thirumaran
260 ## - PUBLICATION, DISTRIBUTION, ETC. (IMPRINT)
Place of publication, distribution, etc Coimbatore
Name of publisher, distributor, etc Teachers Publishing House
Date of publication, distribution, etc 2008
270 ## - ADDRESS
Address New No. 531, Avinashi Road, Peelamedu,
City Coimbatore
Postal code 641004
300 ## - PHYSICAL DESCRIPTION
Extent 156p.
Dimensions 21cm (pbk)
942 ## - ADDED ENTRY ELEMENTS (KOHA)
Source of classification or shelving scheme Dewey Decimal Classification
Item type English Books
Classification part 005.13
Call number suffix THI
Holdings
Withdrawn status Lost status Not for loan Collection code Home library Current library Date acquired Source of acquisition Cost, normal purchase price Full call number Barcode Copy number Cost, replacement price Koha item type
    Not For Loan Non-fiction D.B.Act.Division D.B.Act.Division 06/08/2010 DBAD/PUB 50.00 005.13 THI EN-82153 1 50.00 English Books

© Delhi Public Library
Hit Counter
free hit counter